1918 1637 1103 1799 1985 1160 1252 1120 1616 1989 1416 1700 1716 1240 1491 1361 1582 1232 1398 1193 1607 1907 1936 1374 1308 1375 1060 1812 1510 1525 1708 1409 1885 1976 1673 1666 1522 1137 1600 1009 1875 1634 1459 1711 1498 1970 1123 1496 1020 1291 1639 1972 1529 1618 1621 1037 1011 1430 1116 1439 1377 1820 1789 1508 1787 1502 1756 1587 1583 1413 1832 1699 1120 1312 1270 1851 1160 1147 1987 1758 1454 1199 1733 1494 1991 1520 1357 1665 1347 1715 1729 1264 1236 1839 1066 1996 1856 1731 1981 BCNSPRNW ULIB Ver.6.0+V

เปลี่ยนเป็นภาษาไทย

Change to English
 แสดงรายละเอียดบรรณานุกรม
  กลับหน้าหลัก

Brief Record : Get Marc (ISO 2709) : E-mail record : QR code < ปิดหน้าต่าง
LEADER : 00000nam 2200000uu 4500
001    13399121246
003     ULIB
008    110916s2555||||th 000 0 tha d
020    9789749702840
050  4 TX809.N65^bส779ห ล.2
100 0  สุทิชา เหวียนระวี
245    หมู ทำอะไรก็อร่อย เล่ม2 /^cสุทิชา เหวียนระวี
260    กรุงเทพฯ :^bอมรินทร์ Cuisine,^c2555
300    114 หน้า :^bภาพประกอบสี
650  4 อาหาร^xหมู
650  4 ตำราอาหาร
650  4 การปรุงอาหาร^xหมู
945    ^p239^l0^i033019
995    ทศพร
999 ^a ใช้งานได้ทุกระบบ
รายการนี้ยังไม่มีแท็ก
คุณยังไม่ได้ล็อกอิน คุณสามารถมีกิจกรรมร่วมกับเว็บไซต์ได้ แต่ต้องล็อกอินก่อน ::
  ล็อกอิน

รายการสื่อสารสนเทศ

ลำดับที่ ประเภท เลขเรียก/บาร์โค้ด สถานที่ สถานะ
1. วิทยาศาสตร์การแพทย์ และสุขภาพ
หนังสือสำรอง
สถานะ=หนังสือสำรอง
TX809.N65 ส779ห ล.2 ฉ.1 
  Barcode: 033019
ห้องสมุดวิทยาเขตสวรรค์ประชารักษ์
►หนังสือทั่วไป
บนชั้น

รายการใกล้เคียง
    หัวเรื่อง [ตำราอาหาร]

BibComment


ยังไม่เคยถูกคอมเมนท์

คอมเมนท์ทรัพยากรรายการนี้
  คอมเมนท์: หมู ทำอะไรก็อร่อย..


 Copyright 2026. Bcnsprnw @Library